American Families and Households

Gespeichert in:
Bibliographische Detailangaben
1. Verfasser: Sweet, James A.
Weitere Verfasser: Bumpass, Larry L.
Format: Buch
Sprache:Englisch
Veröffentlicht: New York Russell Sage Foundation 1987
Schriftenreihe:<The> Population of the United States in the 1980s
Schlagworte:
Tags: Tag hinzufügen
Keine Tags, Fügen Sie das erste Tag hinzu!

MARC

LEADER 00000nam a2200000 4500
001 c021178
005 20251201092446.1
020 |a 0-87154-148-3 
041 0 |a eng 
044 |a US 
245 1 0 |a American Families and Households  |c James A. Sweet, Larry L. Bumpass 
264 1 |a New York  |b Russell Sage Foundation  |c 1987 
300 |a 416 s. 
490 1 |a <The> Population of the United States in the 1980s 
830 0 |a <The> Population of the United States in the 1980s 
610 2 0 |a rodina 
610 2 0 |a domácnosti 
610 2 0 |a populácia 
610 2 0 |a obyvateľstvo 
610 2 0 |a deti 
610 2 0 |a USA 
100 1 |a Sweet, James A. 
700 1 |a Bumpass, Larry L.